[Event "Festival INPS"]
[Site "Roma ITA"]
[Date "1996.??.??"]
[Round "2"]
[White "Nurkic, Sahbaz"]
[Black "Tocco, Paolo"]
[Result "1-0"]
[WhiteElo "2365"]
[BlackElo "2180"]
[PlyCount "75"]
[EventDate "1996.??.??"]

1. e4 e5 2. Nf3 Nc6 3. Bb5 a6 4. Ba4 Nf6 5. O-O Nxe4 6. d4 b5 7. Bb3 d5 8. dxe5
Be6 9. c3 Be7 10. Nbd2 Nc5 11. Bc2 Bg4 12. Qe1 Ne6 13. h3 Bh5 14. Bf5 Bg6 15.
Bxg6 fxg6 16. Nb3 O-O 17. Nfd4 Ncxd4 18. cxd4 c5 19. dxc5 Nxc5 20. Nd4 Qd7 21.
Qe2 Ne6 22. Qg4 Nc5 23. Rd1 Qxg4 24. hxg4 Rac8 25. Be3 Rfd8 26. Rac1 Kf7 27. f4
Ne4 28. Nc6 Re8 29. Rxd5 Bc5 30. Rdxc5 Nxc5 31. Rxc5 Re6 32. Nb4 Rxc5 33. Bxc5
Re8 34. Nd5 g5 35. Nc7 Rc8 36. e6+ Kf6 37. e7 gxf4 38. e8=Q 1-0

[Event "Festival INPS"]
[Site "Roma ITA"]
[Date "1996.??.??"]
[Round "2"]
[White "Pezzaldi, Roberto"]
[Black "Michelena, Rodolfo"]
[Result "1-0"]
[WhiteElo "2013"]
[BlackElo "1810"]
[PlyCount "91"]
[EventDate "1996.??.??"]

1. c4 e5 2. Nc3 d6 3. g3 Nc6 4. Bg2 Nf6 5. Nf3 g6 6. d3 Bg7 7. Rb1 a5 8. O-O
O-O 9. a3 Be6 10. Ng5 Bf5 11. b4 axb4 12. axb4 Qc8 13. Nb5 h6 14. Ne4 Nxe4 15.
dxe4 Be6 16. Qd3 Ra4 17. Bd2 Qd7 18. Bc3 Qe7 19. f4 exf4 20. gxf4 Bg4 21. Bxg7
Kxg7 22. Nc3 Raa8 23. Nd5 Qd8 24. h3 Be6 25. b5 Bxd5 26. Qxd5 Na5 27. Qd4+ f6
28. Qc3 Ra7 29. e5 Qe7 30. exd6 Qxd6 31. c5 Qe6 32. Qd3 Re8 33. e4 Re7 34. Kh1
Qc4 35. Qd8 Qxc5 36. Rfd1 b6 37. Qb8 c6 38. bxc6 Nxc6 39. Qxb6 Qxb6 40. Rxb6
Nd8 41. Rxd8 Ra1+ 42. Kh2 h5 43. Rdd6 Rf7 44. e5 fxe5 45. Rxg6+ Kf8 46. fxe5
1-0

[Event "Festival INPS"]
[Site "Roma ITA"]
[Date "1996.??.??"]
[Round "2"]
[White "Pienabarca, Nicola"]
[Black "Galeno, Walter"]
[Result "1-0"]
[WhiteElo "1995"]
[BlackElo "1836"]
[PlyCount "43"]
[EventDate "1996.??.??"]

1. d4 Nf6 2. Nf3 g6 3. Bg5 Ne4 4. Bf4 Bg7 5. Nbd2 Nxd2 6. Qxd2 d5 7. Bh6 O-O 8.
h4 Bf5 9. h5 Nd7 10. Nh4 e6 11. g4 Bxg4 12. hxg6 Qf6 13. gxh7+ Kh8 14. Bxg7+
Kxg7 15. O-O-O c5 16. Bh3 Bxh3 17. Rxh3 cxd4 18. Nf3 e5 19. Rg1+ Kh8 20. Rh6
Qe7 21. Nh4 Rac8 22. Nf5 1-0

[Event "Festival INPS"]
[Site "Roma ITA"]
[Date "1996.??.??"]
[Round "2"]
[White "Quinto, Gianni"]
[Black "Chiaretti, Roberto"]
[Result "1-0"]
[WhiteElo "2220"]
[BlackElo "2109"]
[PlyCount "85"]
[EventDate "1996.??.??"]

1. d4 Nf6 2. c4 e6 3. Nf3 b6 4. g3 Ba6 5. Qc2 Bb7 6. Bg2 c5 7. dxc5 Bxc5 8. O-O
Be7 9. Nc3 O-O 10. b3 a6 11. Bb2 d6 12. Rad1 Qc7 13. Qb1 Nbd7 14. e4 Rac8 15.
Rfe1 Qb8 16. Nd4 Rfe8 17. Rd2 Bd8 18. Qd1 Bc7 19. Ba3 Red8 20. Qe2 Qa8 21. Nc2
Nc5 22. b4 Ncd7 23. Bb2 Bb8 24. Ne3 g6 25. f3 Bc7 26. Red1 Ne8 27. f4 Nef6 28.
Ng4 h5 29. Nxf6+ Nxf6 30. Nd5 Nxd5 31. exd5 Re8 32. Qd3 e5 33. fxe5 dxe5 34. d6
Rcd8 35. c5 Bxg2 36. Rxg2 bxc5 37. bxc5 Bb8 38. Qd5 Qxd5 39. Rxd5 f6 40. Rf2
Kg7 41. Rc2 Ba7 42. Kg2 Re6 43. Ba3 1-0

[Event "Festival INPS"]
[Site "Roma ITA"]
[Date "1996.??.??"]
[Round "2"]
[White "Rossetti, Mauro"]
[Black "Cattarinich, Benedetto"]
[Result "1-0"]
[WhiteElo "1909"]
[BlackElo "1759"]
[PlyCount "53"]
[EventDate "1996.??.??"]

1. e4 c5 2. Nf3 e6 3. d4 cxd4 4. Nxd4 Nf6 5. Nc3 Nc6 6. Be2 Bb4 7. Nxc6 bxc6 8.
e5 Nd5 9. Bd2 Nxc3 10. bxc3 Bc5 11. Bd3 Qb6 12. O-O a5 13. Rb1 Qa7 14. Qg4 Kf8
15. Qc4 Bb6 16. Qb3 Bc5 17. Qc4 Bb6 18. Kh1 Ba6 19. Qxa6 Qxa6 20. Bxa6 Rxa6 21.
Be3 Bc7 22. Rb7 Bxe5 23. Bc5+ Ke8 24. f4 Bf6 25. Rb8+ Bd8 26. Rfb1 d5 27. R1b7
1-0

[Event "Festival INPS"]
[Site "Roma ITA"]
[Date "1996.??.??"]
[Round "2"]
[White "Saccone, Fabio"]
[Black "Perretta, Maurizio"]
[Result "1-0"]
[WhiteElo "2175"]
[BlackElo "2007"]
[PlyCount "67"]
[EventDate "1996.??.??"]

1. Nf3 Nf6 2. g3 g6 3. b3 Bg7 4. Bb2 d5 5. c4 c6 6. Bg2 O-O 7. O-O Bf5 8. Na3
Re8 9. d4 Nbd7 10. Rc1 Qa5 11. Qd2 Qb6 12. Rfd1 Ne4 13. Qe1 a5 14. Nh4 Ndf6 15.
Nxf5 gxf5 16. f3 Ng5 17. e3 h6 18. cxd5 cxd5 19. Rc5 e6 20. Rb5 Qa6 21. h4 Ngh7
22. Bf1 Bf8 23. Rc1 Bb4 24. Rxb4 axb4 25. Bxa6 bxa3 26. Bxb7 axb2 27. Bxa8
bxc1=Q 28. Qxc1 Rxa8 29. a4 Nf8 30. Qc6 Rb8 31. a5 N6d7 32. Qa4 Ra8 33. b4 Nb6
34. Qc6 1-0

[Event "Festival INPS"]
[Site "Roma ITA"]
[Date "1996.??.??"]
[Round "2"]
[White "Scacco, Mauro"]
[Black "Sciannamea, Valerio"]
[Result "1-0"]
[WhiteElo "2055"]
[BlackElo "1719"]
[PlyCount "51"]
[EventDate "1996.??.??"]

1. e4 d6 2. d4 Nf6 3. Nc3 g6 4. Nf3 Bg7 5. h3 O-O 6. Be3 c6 7. a4 Nbd7 8. Bc4
Qa5 9. O-O e5 10. Qd2 exd4 11. Nxd4 Ne5 12. Bb3 c5 13. Ndb5 c4 14. Ba2 Be6 15.
f4 Nc6 16. f5 Bd7 17. Nxd6 Qe5 18. Rad1 Rad8 19. Nxc4 Qe7 20. fxg6 hxg6 21. Qf2
b6 22. Bg5 Nxe4 23. Nxe4 Qxe4 24. Nd6 Bd4 25. Nxe4 Bxf2+ 26. Nxf2 1-0

[Event "Festival INPS"]
[Site "Roma ITA"]
[Date "1996.??.??"]
[Round "2"]
[White "Siraco, Maurizio"]
[Black "Marta, Daniele"]
[Result "1/2-1/2"]
[WhiteElo "1965"]
[BlackElo "1732"]
[PlyCount "58"]
[EventDate "1996.??.??"]

1. e4 e6 2. d4 d5 3. Nc3 Nf6 4. Bg5 dxe4 5. Nxe4 Be7 6. Nxf6+ Bxf6 7. Bxf6 Qxf6
8. Nf3 O-O 9. Bd3 c5 10. O-O Nc6 11. dxc5 Qxb2 12. Ng5 h6 13. Ne4 e5 14. Qh5
Be6 15. a3 Qd4 16. Rad1 Qa4 17. Rfe1 Rad8 18. Re3 f5 19. Nd6 e4 20. Rg3 Rf6 21.
Ne8 Rf7 22. Nxg7 Rxg7 23. Qxh6 Rxg3 24. Qxe6+ Kh8 25. hxg3 exd3 26. Qh6+ Kg8
27. Qg6+ Kh8 28. Qh6+ Kg8 29. Qg6+ Kh8 1/2-1/2

[Event "Festival INPS"]
[Site "Roma ITA"]
[Date "1996.??.??"]
[Round "2"]
[White "Vannelli, Vittorio"]
[Black "Giangregorio, Pasquale"]
[Result "1/2-1/2"]
[WhiteElo "1633"]
[BlackElo "1767"]
[PlyCount "90"]
[EventDate "1996.??.??"]

1. d4 c6 2. c4 d5 3. Nc3 Nf6 4. cxd5 cxd5 5. Nf3 Nc6 6. Bf4 e6 7. e3 a6 8. Rc1
Be7 9. Be2 Bd7 10. Ne5 O-O 11. O-O Na5 12. Nxd7 Qxd7 13. Na4 Rac8 14. Nc5 Bxc5
15. dxc5 Nc6 16. Bd6 Rfd8 17. f3 e5 18. f4 Qe6 19. fxe5 Nxe5 20. Qd4 Re8 21.
Bxe5 Qxe5 22. Qxe5 Rxe5 23. c6 Rxc6 24. Rxc6 bxc6 25. Bxa6 c5 26. Rc1 Ne4 27.
Bb7 Kf8 28. Rd1 Nf6 29. a4 Ke7 30. a5 Kd8 31. e4 d4 32. a6 Kc7 33. Ra1 Re8 34.
Bd5 Nxd5 35. exd5 Kb8 36. Rc1 Rc8 37. d6 Rc6 38. d7 Rd6 39. Rxc5 Rxd7 40. Rc1
Ka7 41. Kf1 Kxa6 42. Ke2 d3+ 43. Kd2 Kb6 44. Rc3 f5 45. Rxd3 Rf7 1/2-1/2

[Event "Festival INPS"]
[Site "Roma ITA"]
[Date "1996.??.??"]
[Round "2"]
[White "Verrascina, Nicola"]
[Black "Turturici, Pellegrino"]
[Result "1-0"]
[WhiteElo "2090"]
[BlackElo "1716"]
[PlyCount "52"]
[EventDate "1996.??.??"]

1. e4 c5 2. f4 Qc7 3. d3 d6 4. Nc3 Nf6 5. Nf3 Nc6 6. Be2 e6 7. O-O a6 8. a4 Be7
9. Qe1 Nd4 10. Bd1 O-O 11. Kh1 Nxf3 12. Rxf3 Re8 13. Rh3 b6 14. g4 Bb7 15. Qh4
h6 16. g5 Nh7 17. Qh5 Bf8 18. gxh6 gxh6 19. f5 exf5 20. Bxh6 Bxh6 21. Qxh6 f6
22. Bh5 Re7 23. Rg1+ Kh8 24. Bg6 fxe4 25. dxe4 Rg8 26. Bxh7 Rxh7 1-0

[Event "Festival INPS"]
[Site "Roma ITA"]
[Date "1996.??.??"]
[Round "2"]
[White "Wyss, Walter"]
[Black "Chiusano, Raimondo"]
[Result "0-1"]
[WhiteElo "2215"]
[BlackElo "2034"]
[PlyCount "138"]
[EventDate "1996.??.??"]

1. e4 c5 2. c3 d5 3. exd5 Qxd5 4. d4 Nc6 5. Nf3 Bg4 6. Be2 cxd4 7. cxd4 e6 8.
Nc3 Qd8 9. O-O Nf6 10. h3 Bh5 11. a3 Be7 12. Be3 O-O 13. Rc1 Nd5 14. Nxd5 Qxd5
15. b4 Bf6 16. Rc5 Bxf3 17. Rxd5 Bxd5 18. Bf3 Rfd8 19. b5 Ne7 20. g4 h6 21. Qe2
Rac8 22. Rd1 Rc3 23. Bxd5 Nxd5 24. Rd3 Rc7 25. Qf3 Rc4 26. Qe2 Rdc8 27. Qb2
Nxe3 28. Rxe3 Bxd4 29. Qe2 Bxe3 30. Qxe3 b6 31. Qd3 Rc3 32. Qd7 R8c7 33. Qd6
Rc8 34. Qd7 R3c7 35. Qd3 Re7 36. a4 e5 37. Qd6 Rcc7 38. Kg2 Rcd7 39. Qb4 Re6
40. Qe4 g6 41. Qc2 Kg7 42. Qc3 Rd4 43. a5 bxa5 44. Qxa5 Rb6 45. Qxa7 Rxb5 46.
Qe7 Rd2 47. h4 Rd4 48. Kg3 Rf4 49. f3 Rf6 50. Qc7 Rd5 51. Qc4 Rd4 52. Qc5 Re6
53. Qc3 Kf6 54. Qc5 Rd3 55. Kf2 Kg7 56. Qc4 Rd4 57. Qc5 Rf4 58. Kg3 h5 59. g5
Rf5 60. Qc3 Kh7 61. Qd3 Rb6 62. Qc3 Rb1 63. Kg2 Rd1 64. f4 exf4 65. Qb4 Rdd5
66. Kf2 Rd3 67. Kg2 Rg3+ 68. Kh2 Rg4 69. Kh3 f3 0-1

[Event "Festival INPS"]
[Site "Roma ITA"]
[Date "1996.??.??"]
[Round "3"]
[White "Attanasi, Salvatore"]
[Black "Vannelli, Vittorio"]
[Result "1-0"]
[WhiteElo "1741"]
[BlackElo "1633"]
[PlyCount "135"]
[EventDate "1996.??.??"]

1. e4 e5 2. Nf3 Nc6 3. Bb5 Nf6 4. O-O Nxe4 5. d4 Nd6 6. Bxc6 bxc6 7. dxe5 Nb7
8. Re1 Nc5 9. Nc3 Bb7 10. Nd4 Ne6 11. Nf5 g6 12. Nh6 c5 13. Ng4 Bg7 14. Nd5 h5
15. Ngf6+ Kf8 16. Ne4 Bxe5 17. Nxc5 Bxh2+ 18. Kxh2 Qh4+ 19. Kg1 Nxc5 20. Nxc7
Ne4 21. Qd4 Qxf2+ 22. Qxf2 Nxf2 23. Kxf2 Rc8 24. Bf4 g5 25. Bd6+ Kg7 26. Rad1
Rh6 27. Be5+ Kg8 28. Rxd7 Rc6 29. c3 Rc5 30. Bd6 Rf5+ 31. Kg1 Bc6 32. Rde7 Rd8
33. Bb4 Rd2 34. R1e2 Rd3 35. c4 h4 36. Nd5 Bxd5 37. cxd5 Rfxd5 38. Re8+ Kh7 39.
R2e7 h3 40. Rxf7+ Kg6 41. Rf3 hxg2 42. Rxd3 Rxd3 43. Kxg2 Kf5 44. Re7 Kg4 45.
Be1 Rd1 46. Kf2 Rc1 47. Bc3 Rc2+ 48. Re2 Rc1 49. Bd4 Rc7 50. b4 Kh3 51. Be5
Rf7+ 52. Kg1 Rd7 53. a4 Rd1+ 54. Kf2 Rb1 55. b5 Rb4 56. Ra2 Rb3 57. Re2 Rb4 58.
Re3+ Kh4 59. Ra3 g4 60. Bg3+ Kg5 61. Ke3 Kf5 62. Kd3 Re4 63. a5 Rb4 64. Bb8
Rxb5 65. Bxa7 g3 66. Be3 g2 67. a6 Re5 68. Bf2 1-0

[Event "Festival INPS"]
[Site "Roma ITA"]
[Date "1996.??.??"]
[Round "3"]
[White "Buffoni, Luca"]
[Black "Galeno, Walter"]
[Result "1/2-1/2"]
[WhiteElo "1708"]
[BlackElo "1836"]
[PlyCount "61"]
[EventDate "1996.??.??"]

1. e4 e5 2. Nf3 Nf6 3. Nxe5 d6 4. Nf3 Nxe4 5. Qe2 Qe7 6. d3 Nf6 7. Bg5 Qxe2+ 8.
Bxe2 Be7 9. Nc3 a6 10. O-O-O Nc6 11. h3 Bd7 12. Rhe1 O-O-O 13. Ne4 Nxe4 14.
dxe4 h6 15. Bxe7 Nxe7 16. Bc4 Rhf8 17. e5 d5 18. Bxd5 Nxd5 19. Rxd5 Bc6 20.
Rxd8+ Rxd8 21. Re3 Rd7 22. g3 Kd8 23. c3 g6 24. Nd4 Bd5 25. b3 Ke7 26. Ne2 g5
27. Nd4 Be6 28. Nxe6 Kxe6 29. c4 Kf5 30. Kc2 Re7 31. Rf3+ 1/2-1/2

[Event "Festival INPS"]
[Site "Roma ITA"]
[Date "1996.??.??"]
[Round "3"]
[White "Cattarinich, Benedetto"]
[Black "Tosoni, Augusto"]
[Result "0-1"]
[WhiteElo "1759"]
[BlackElo "2008"]
[PlyCount "76"]
[EventDate "1996.??.??"]

1. d4 Nf6 2. c4 g6 3. Nc3 Bg7 4. e4 d6 5. Nf3 O-O 6. Be2 e5 7. O-O Nc6 8. d5
Ne7 9. b4 Nh5 10. g3 f5 11. c5 Kh8 12. Nd2 Nf6 13. f3 Bh6 14. Nc4 Bxc1 15. Rxc1
a5 16. cxd6 cxd6 17. bxa5 f4 18. Kg2 Neg8 19. Nb5 Qd7 20. gxf4 Nh5 21. Nbxd6
Qh3+ 22. Kg1 Nxf4 23. Rf2 Qh4 24. Bf1 Bh3 25. Rfc2 Bxf1 26. Qxf1 Qh5 27. Nd2
Nh3+ 28. Kh1 Ng5 29. Rc8 Rfxc8 30. Nxc8 Rxa5 31. d6 Rxa2 32. Rd1 Qh4 33. d7 Ne6
34. Qb5 Rxd2 35. Qxe5+ Nf6 36. Rxd2 Qe1+ 37. Kg2 Qxd2+ 38. Kh3 Ng5+ 0-1

[Event "Festival INPS"]
[Site "Roma ITA"]
[Date "1996.??.??"]
[Round "3"]
[White "Cetkovic, Sergio"]
[Black "Scacco, Mauro"]
[Result "0-1"]
[WhiteElo "1815"]
[BlackElo "2055"]
[PlyCount "74"]
[EventDate "1996.??.??"]

1. e4 e5 2. Nc3 Bc5 3. Nf3 d6 4. Na4 Nd7 5. c3 Ngf6 6. d3 O-O 7. Be2 Bxf2+ 8.
Kxf2 b5 9. h3 bxa4 10. Qxa4 Nc5 11. Qc2 Bd7 12. Be3 Ne6 13. Raf1 Nh5 14. d4 f5
15. exf5 Nef4 16. dxe5 Bxf5 17. Qd2 Nxe2 18. Qxe2 Be4 19. exd6 Bxf3 20. gxf3
Qh4+ 21. Kg1 Rae8 22. Rf2 Ng3 23. Qd3 cxd6 24. Kg2 Kh8 25. Qd4 Nf5 26. Qxh4
Nxh4+ 27. Kg3 Nf5+ 28. Kh2 Rxe3 29. Rd1 h6 30. Rd5 Re5 31. Rxe5 dxe5 32. c4 Nd4
33. Kg3 Kh7 34. b4 Kg6 35. a4 Rf4 36. Kg2 Nf5 37. Re2 Kf6 0-1

[Event "Festival INPS"]
[Site "Roma ITA"]
[Date "1996.??.??"]
[Round "3"]
[White "Chiaretti, Roberto"]
[Black "Nurkic, Sahbaz"]
[Result "0-1"]
[WhiteElo "2109"]
[BlackElo "2365"]
[PlyCount "46"]
[EventDate "1996.??.??"]

1. e4 g6 2. d4 Bg7 3. Nf3 c6 4. Nc3 Nf6 5. e5 Nd5 6. Nxd5 cxd5 7. Bf4 Qb6 8.
Qc1 Nc6 9. c3 f6 10. Bd3 fxe5 11. Nxe5 d6 12. Nxc6 bxc6 13. O-O O-O 14. Re1 e5
15. dxe5 dxe5 16. Bxe5 Qxf2+ 17. Kh1 Bh3 18. Bf1 Bxe5 19. Rxe5 Rab8 20. b3 Bf5
21. Re2 Qh4 22. Qe1 Qf6 23. Rd1 Bg4 0-1

[Event "Festival INPS"]
[Site "Roma ITA"]
[Date "1996.??.??"]
[Round "3"]
[White "Chiusano, Raimondo"]
[Black "Laketic, Gojko"]
[Result "0-1"]
[WhiteElo "2034"]
[BlackElo "2465"]
[PlyCount "104"]
[EventDate "1996.??.??"]

1. Nf3 Nf6 2. d4 e6 3. Bg5 h6 4. Bh4 d6 5. Nbd2 g5 6. Bg3 Nh5 7. e3 Bg7 8. Nb3
Nd7 9. Be2 Ndf6 10. Nfd2 Nxg3 11. hxg3 Qe7 12. c3 c6 13. Qc2 Bd7 14. Ne4 Nxe4
15. Qxe4 O-O-O 16. g4 Rhe8 17. O-O-O f5 18. gxf5 exf5 19. Qxe7 Rxe7 20. Bd3 Rf8
21. Kd2 Kc7 22. Rde1 b6 23. Nc1 c5 24. f3 Rfe8 25. Re2 a5 26. dxc5 bxc5 27. e4
fxe4 28. Rxe4 d5 29. Rxe7 Rxe7 30. Re1 Rxe1 31. Kxe1 a4 32. Kd2 Kd6 33. b3 h5
34. Bc2 g4 35. fxg4 Bh6+ 36. Kd1 Bxg4+ 37. Ne2 a3 38. Bd3 Ke5 39. Kc2 h4 40.
Ng1 Be3 41. Ne2 Be6 42. Kd1 c4 43. Bc2 cxb3 44. Bxb3 Bf5 45. Ke1 Bd3 46. Kf1
Ke4 47. Ke1 Ke5 48. Kf1 Kd6 49. Ke1 Kc5 50. Kf1 Be4 51. g4 Bd3 52. Bd1 Bc4 0-1

[Event "Festival INPS"]
[Site "Roma ITA"]
[Date "1996.??.??"]
[Round "3"]
[White "Ciotoli, Patrizio"]
[Black "Verrascina, Nicola"]
[Result "0-1"]
[WhiteElo "2010"]
[BlackElo "2090"]
[PlyCount "110"]
[EventDate "1996.??.??"]

1. e4 Nc6 2. Nc3 e6 3. d4 Bb4 4. Nf3 d6 5. Be2 Nge7 6. O-O Bxc3 7. bxc3 Ng6 8.
Be3 O-O 9. Bd3 e5 10. Nd2 Qh4 11. g3 Qh3 12. f4 Bg4 13. Be2 Bxe2 14. Qxe2 f5
15. Nf3 exf4 16. Ng5 Qg4 17. Qxg4 fxg4 18. gxf4 h6 19. Ne6 Rf7 20. Kh1 Re8 21.
d5 Nd8 22. f5 Ne5 23. Bd4 b6 24. Bxe5 dxe5 25. Kg2 Rd7 26. Nxd8 Rexd8 27. Kg3
h5 28. Kh4 Kf7 29. Kg5 Rd6 30. Rf2 Rh8 31. c4 Rf6 32. a4 a5 33. c5 bxc5 34. Rb1
Rb6 35. Rxb6 cxb6 36. c4 Rh6 37. Rd2 Ke7 38. Rf2 Kd6 39. f6 Rxf6 40. Rxf6+
gxf6+ 41. Kxh5 b5 42. cxb5 c4 43. Kg6 c3 44. b6 c2 45. b7 Kc7 46. Kxf6 c1=Q 47.
Kxe5 Qb2+ 48. Ke6 Qxh2 49. e5 Qh6+ 50. Ke7 Qg7+ 51. Ke6 Qd7+ 52. Kf6 Qxd5 53.
e6 g3 54. e7 Qd6+ 55. Kf7 Qxe7+ 0-1

[Event "Festival INPS"]
[Site "Roma ITA"]
[Date "1996.??.??"]
[Round "3"]
[White "Corvi, Marco"]
[Black "Casula, Stefano"]
[Result "1-0"]
[WhiteElo "2215"]
[BlackElo "1909"]
[PlyCount "85"]
[EventDate "1996.??.??"]

1. c4 e5 2. Nc3 Nc6 3. g3 Nf6 4. Bg2 Bc5 5. e3 d6 6. Nge2 Bg4 7. d3 O-O 8. O-O
a6 9. a3 Rb8 10. b4 Bb6 11. Bb2 Qd7 12. Qc2 Bh3 13. Ne4 Nxe4 14. dxe4 Bxg2 15.
Kxg2 Qg4 16. h3 Qg6 17. c5 Ba7 18. cxd6 cxd6 19. Rad1 f5 20. exf5 Rxf5 21. Qc4+
Kh8 22. e4 Rf6 23. f4 Rbf8 24. f5 Qh6 25. Qd3 g6 26. Bc1 Qh5 27. g4 Qh4 28. Qg3
Qxg3+ 29. Kxg3 gxf5 30. exf5 Bd4 31. Nxd4 Nxd4 32. Rxd4 exd4 33. Bb2 R6f7 34.
Rd1 Rc8 35. Rxd4 Kg8 36. Rxd6 Re7 37. Kh4 Re3 38. Rd7 Rc2 39. Bd4 Rd3 40. f6
Rf3 41. Rg7+ Kf8 42. Rxh7 Rd2 43. Bc5+ 1-0

[Event "Festival INPS"]
[Site "Roma ITA"]
[Date "1996.??.??"]
[Round "3"]
[White "Farina, Saverio"]
[Black "Capretti, Giovanni"]
[Result "0-1"]
[WhiteElo "2170"]
[BlackElo "1836"]
[PlyCount "142"]
[EventDate "1996.??.??"]

1. d4 Nf6 2. c4 c5 3. e3 e6 4. Nc3 a6 5. Nf3 Be7 6. Bd3 d6 7. O-O Nc6 8. b3 O-O
9. Bb2 Qc7 10. dxc5 dxc5 11. Qe2 b6 12. Ne4 Nxe4 13. Bxe4 Bb7 14. Rad1 Rad8 15.
h3 f5 16. Bb1 Bf6 17. Rxd8 Rxd8 18. e4 Bxb2 19. Qxb2 fxe4 20. Bxe4 Nd4 21. Nxd4
cxd4 22. Qc2 Bxe4 23. Qxe4 Qd6 24. Rd1 e5 25. Kf1 Qc5 26. Rd3 b5 27. Qf5 bxc4
28. Qe6+ Kh8 29. Qxc4 Qxc4 30. bxc4 h5 31. Ra3 Rc8 32. Ra4 e4 33. c5 d3 34. Rc4
Rb8 35. Rc1 Rb2 36. Rd1 Rxa2 37. f3 exf3 38. gxf3 Rc2 39. Rxd3 Rxc5 40. Rd6 Rg5
41. h4 Ra5 42. Kg2 Kh7 43. Kg3 Ra4 44. Re6 a5 45. Re5 g6 46. Re7+ Kg8 47. Ra7
Kf8 48. Kh3 Rf4 49. Kg3 Rf5 50. Ra8+ Kg7 51. Ra7+ Kh6 52. Ra6 Rb5 53. Ra7 g5
54. Ra6+ Kg7 55. Ra7+ Kf6 56. Ra6+ Kf5 57. hxg5 Kxg5 58. Ra8 h4+ 59. Kh3 Kf4
60. Kxh4 Kxf3 61. Rf8+ Ke3 62. Kg3 a4 63. Ra8 Rb4 64. Ra7 Kd3 65. Kf2 Kc2 66.
Ke2 Kb2 67. Rd7 a3 68. Rd2+ Kb3 69. Rd3+ Ka4 70. Kd2 a2 71. Rd8 Ka3 0-1

[Event "Festival INPS"]
[Site "Roma ITA"]
[Date "1996.??.??"]
[Round "3"]
[White "Giangregorio, Pasquale"]
[Black "Della Ragione, Achille"]
[Result "1/2-1/2"]
[WhiteElo "1767"]
[BlackElo "1863"]
[PlyCount "113"]
[EventDate "1996.??.??"]

1. c4 e6 2. Nc3 d5 3. d4 Nf6 4. Nf3 Be7 5. Bg5 h6 6. Bh4 Nbd7 7. e3 O-O 8. Bd3
b6 9. O-O Bb7 10. Rc1 Rc8 11. cxd5 Nxd5 12. Bg3 c5 13. Nb5 N7f6 14. Ne5 a6 15.
Nc3 cxd4 16. exd4 b5 17. Bb1 Bb4 18. Qd3 Nxc3 19. bxc3 Be4 20. Qe2 Bxb1 21.
cxb4 Be4 22. f3 Qxd4+ 23. Qf2 Qxf2+ 24. Bxf2 Bd5 25. Rxc8 Rxc8 26. Bc5 a5 27.
a3 axb4 28. axb4 Ra8 29. Rf2 Ra1+ 30. Rf1 Rxf1+ 31. Kxf1 Ne8 32. Ng4 f6 33. Kf2
Kf7 34. Ne3 Bc6 35. Nc2 e5 36. g3 Ke6 37. Ne3 g6 38. Bf8 h5 39. Bc5 f5 40. f4
Nd6 41. Ke2 Ne4 42. Ba7 exf4 43. gxf4 g5 44. fxg5 Nxg5 45. Bb8 Nh3 46. Nd1 Ng1+
47. Ke3 Nf3 48. Nf2 Ne1 49. Kd2 Ng2 50. Nd3 Kd5 51. Nf4+ Nxf4 52. Bxf4 Ke4 53.
Bd6 Kf3 54. Ke1 Bd5 55. Kf1 Bc4+ 56. Kg1 f4 57. Bc5 1/2-1/2

[Event "Festival INPS"]
[Site "Roma ITA"]
[Date "1996.??.??"]
[Round "3"]
[White "Ianniello, Riccardo"]
[Black "Marino, Giovanni"]
[Result "1-0"]
[WhiteElo "2330"]
[BlackElo "1869"]
[PlyCount "103"]
[EventDate "1996.??.??"]

1. e4 c5 2. Nf3 d6 3. Bc4 Nf6 4. Qe2 e6 5. c3 Be7 6. O-O O-O 7. Bb3 b6 8. Rd1
Ba6 9. Qe3 Nc6 10. d4 Qc7 11. Nbd2 cxd4 12. cxd4 Na5 13. Re1 Nxb3 14. Nxb3 Qc2
15. h3 Bd3 16. Nbd2 h6 17. a4 d5 18. e5 Nd7 19. Nb1 Bg6 20. Nc3 Qd3 21. Bd2
Qxe3 22. fxe3 a6 23. Rec1 Rac8 24. a5 b5 25. Na2 Nb8 26. Bb4 Bxb4 27. Nxb4 Rfd8
28. Nd2 f6 29. exf6 gxf6 30. Nb3 Rc4 31. Rxc4 dxc4 32. Nc5 Rd6 33. b3 cxb3 34.
Nxb3 e5 35. Rc1 Nd7 36. d5 Kf7 37. Rc7 Ke8 38. Rc8+ Kf7 39. Rd8 Be4 40. Nc5
Bxd5 41. Rxd7+ Rxd7 42. Nxd7 Bb7 43. Nc5 Bc8 44. Nd5 Bf5 45. Nxa6 Ke6 46. Nc3
Bd3 47. Nc7+ Kd6 48. N7xb5+ Kc6 49. a6 f5 50. a7 Kb7 51. Kf2 Bc4 52. Nd6+ 1-0

[Event "Festival INPS"]
[Site "Roma ITA"]
[Date "1996.??.??"]
[Round "3"]
[White "Lantini, Marco"]
[Black "Contin, Daniel"]
[Result "0-1"]
[WhiteElo "2220"]
[BlackElo "2325"]
[PlyCount "50"]
[EventDate "1996.??.??"]

1. e4 e6 2. d4 d5 3. Nd2 c5 4. exd5 exd5 5. Bb5+ Bd7 6. Qe2+ Be7 7. Ngf3 Nf6 8.
dxc5 O-O 9. Nb3 Re8 10. Bxd7 Nbxd7 11. O-O Nxc5 12. Nfd4 Qd7 13. Qb5 Qc8 14.
Nxc5 Bxc5 15. Nb3 Bb6 16. Qd3 Qc5 17. Qf5 Ne4 18. Nd2 Qxc2 19. Qxd5 Rad8 20.
Qb3 Rxd2 21. Bxd2 Qxd2 22. Rad1 Bxf2+ 23. Kh1 Qh6 24. Rd3 Qa6 25. Rc1 Nc5 0-1

[Event "Festival INPS"]
[Site "Roma ITA"]
[Date "1996.??.??"]
[Round "3"]
[White "Marta, Daniele"]
[Black "Colombrini, Adolfo"]
[Result "1/2-1/2"]
[WhiteElo "1732"]
[BlackElo "1704"]
[PlyCount "108"]
[EventDate "1996.??.??"]

1. d4 Nf6 2. c4 g6 3. Nc3 d5 4. cxd5 Nxd5 5. e4 Nxc3 6. bxc3 Bg7 7. Bc4 O-O 8.
Ne2 c5 9. O-O cxd4 10. cxd4 Nc6 11. Be3 Na5 12. Bd3 b6 13. Rc1 Bb7 14. Qa4 Rc8
15. Rxc8 Qxc8 16. Rc1 Qe6 17. Nf4 Qd6 18. e5 Qd8 19. Qc2 e6 20. Qc7 Qxc7 21.
Rxc7 Rc8 22. Rd7 Kf8 23. Bd2 Ke8 24. Bb5 Bc6 25. Bxc6 Nxc6 26. Rb7 Nxd4 27.
Rxa7 Bxe5 28. Nd3 Bd6 29. f3 Rc2 30. Be1 Ne2+ 31. Kh1 Nf4 32. Nxf4 Bxf4 33. g3
Rc1 34. Kg2 Rxe1 35. gxf4 Kf8 36. Kg3 Kg7 37. Rb7 Ra1 38. Rxb6 Rxa2 39. Rb5 h5
40. h3 Kf6 41. Re5 Rd2 42. Re4 Rd5 43. Rb4 Kf5 44. h4 f6 45. Rc4 g5 46. fxg5
fxg5 47. hxg5 Kxg5 48. Re4 e5 49. Kh3 Rc5 50. Kg3 Rd5 51. Kh3 Kf5 52. Rh4 Rd3
53. Rxh5+ Kf4 54. Kg2 Rd2+ 1/2-1/2

[Event "Festival INPS"]
[Site "Roma ITA"]
[Date "1996.??.??"]
[Round "3"]
[White "Marzano, Carlo"]
[Black "Rossetti, Mauro"]
[Result "1-0"]
[WhiteElo "2160"]
[BlackElo "1909"]
[PlyCount "79"]
[EventDate "1996.??.??"]

1. d4 Nf6 2. Nf3 b6 3. Bg5 Bb7 4. Nbd2 d5 5. e3 e6 6. Bd3 Be7 7. c3 O-O 8. Ne5
Nbd7 9. Qf3 Nxe5 10. dxe5 Nd7 11. Bf4 Nc5 12. Bc2 d4 13. Qg3 d3 14. Bd1 a5 15.
O-O a4 16. Qg4 f5 17. exf6 Rxf6 18. Bf3 Rg6 19. Qh3 Bd6 20. Bxb7 Nxb7 21. Qf3
Nc5 22. b4 Nd7 23. Nc4 Bxf4 24. exf4 b5 25. Nb2 d2 26. Rad1 Nb6 27. Nd3 Nc4 28.
Ne5 Ra6 29. Nxc4 bxc4 30. Qe2 Qd5 31. f3 Rd6 32. Rf2 Qd3 33. Qxd3 Rxd3 34.
Rdxd2 Rxc3 35. Rc2 Rd3 36. Rfd2 Rxf3 37. Rxc4 Re3 38. Rd8+ Kf7 39. Rxc7+ Kf6
40. Rf8# 1-0

[Event "Festival INPS"]
[Site "Roma ITA"]
[Date "1996.??.??"]
[Round "3"]
[White "Messina, Enrico"]
[Black "Ciampi, Vincenzo"]
[Result "1/2-1/2"]
[WhiteElo "2057"]
[BlackElo "2155"]
[PlyCount "77"]
[EventDate "1996.??.??"]

1. e4 c5 2. Nf3 d6 3. d4 cxd4 4. Nxd4 Nf6 5. Nc3 a6 6. Be3 Ng4 7. Bg5 h6 8. Bh4
g5 9. Bg3 Bg7 10. Qd2 Nc6 11. Nb3 h5 12. h4 gxh4 13. Bxh4 Be6 14. f4 Qb6 15.
O-O-O Rc8 16. Rh3 Nb4 17. Kb1 Bxb3 18. cxb3 Qa5 19. Bxe7 Bxc3 20. bxc3 Qxa2+
21. Qxa2 Nxa2 22. Bf6 Nxf6 23. Kxa2 Nxe4 24. Re3 f5 25. Rxd6 Ke7 26. Rb6 Rxc3
27. Rxb7+ Kd6 28. Rxc3 Nxc3+ 29. Kb2 Nd5 30. Bxa6 Nxf4 31. g3 Nd5 32. Rf7 Ke5
33. Bb7 Ne3 34. Re7+ Kd4 35. Rd7+ Kc5 36. Rf7 Rg8 37. Rh7 Rxg3 38. Rxh5 Kd4 39.
Rh4+ 1/2-1/2

[Event "Festival INPS"]
[Site "Roma ITA"]
[Date "1996.??.??"]
[Round "3"]
[White "Michelena, Rodolfo"]
[Black "Wyss, Walter"]
[Result "0-1"]
[WhiteElo "1810"]
[BlackElo "2215"]
[PlyCount "68"]
[EventDate "1996.??.??"]

1. e4 c5 2. Nf3 e6 3. d4 cxd4 4. Nxd4 Nf6 5. Nc3 Bb4 6. Bd3 Nc6 7. Nde2 d5 8.
exd5 Nxd5 9. O-O O-O 10. Ne4 f5 11. Ng5 Be7 12. Nh3 e5 13. Bc4 Be6 14. Nc3 Nf4
15. Bxe6+ Nxe6 16. Nd5 Ncd4 17. Nxe7+ Qxe7 18. c3 Nc6 19. Qb3 Kh8 20. Re1 f4
21. Bd2 Rad8 22. Rad1 f3 23. Qc4 Qf7 24. Qg4 fxg2 25. Kxg2 Rd3 26. Be3 Rxd1 27.
Rxd1 h6 28. Rd6 Re8 29. Qh4 Qg6+ 30. Kh1 Rd8 31. Rxd8+ Nexd8 32. Ng5 Ne6 33.
Ne4 Nf4 34. Ng5 Qb1+ 0-1